000 01286nam a2200349 c 4500
001 59923
003 CO-BoRNBP
005 20251112144547.0
007 ta
008 201028t2016 sp ao er 001 0 spa d
020 _a9788496916326
040 _aCO-BoRNBP
_bspa
_erda
_cCO-BoRNBP
041 0 _aspa
082 0 4 _a646.727
_bE68n
_222
082 0 4 _a646.727
_bN82
110 2 _aEquipo Editorial H.Q.
_967185
245 1 0 _aNueva manicura profesional :
_bconsejos y técnicas paso a paso de los mejores estilistas /
_cfotografías, textos y traducción Equipo Editorial H.Q. y Shutterstock.
250 _a1a. edición
264 1 _aMálaga, España :
_bEdiciones Daly,
_c©2016
300 _a189 páginas :
_bilustraciones, fotografías a color
336 _atexto
_btxt
_2rdacontent
337 _asin mediación
_bn
_2rdamedia
338 _avolumen
_bnc
_2rdacarrier
500 _aIncluye índice de estilistas y proyectos al inicio del texto
521 _aRecomendado para un público adulto
650 0 7 _aBelleza personal
_xEstrategia y técnica
_2lemb
_967186
650 0 7 _aManicura
_xEstrategia y técnica
_2lemb
_967187
650 0 7 _aManos
_xCuidado e higiene
_2lemb
_967188
650 0 7 _aUñas
_xCuidado e higiene
_2lemb
_967189
710 1 _aShutterstock
_967190
942 _2ddc
_cBK
999 _c59923
_d59923